Paródias mais ouvidas do Futparódias - Statistics

Estatísticas Gerais
  • Esse quiz foi jogado 26 vezes
  • A pontuação média é 6 de 15
Estatísticas das Respostas
Música Views Paródia % Correto
Despacito 40M É o Neymito
76%
Sua amiga eu vou pegar 35M Sua bola eu vou pegar
76%
Pra Inveja é Tchau 38M Pôs na frente é tchau
64%
Baile de Favela 33M Bate de trivela
52%
Medley da Gaiola 25M Medley dos bons de bola
52%
Roça Roça 2 27M Canhotos x Destros
40%
Encaixa 22M Era caixa
36%
Eu, você, o mar e ela 28M O impossível não existe
32%
Vamos Beber 25M Vou te dibrei
32%
Sentou e Gostou 23M Hoje tem gol do Gabigol
28%
That's What I Like 22M Coutinho é do Barcelona
24%
Counting Stars 21M Cristiano Ronaldo 5x Melhor do Mundo
24%
Havana 52M Neymar se lesionou e vai operar
24%
Deixe-me ir 22M Valeu, Ronaldinho
20%
New Rules 24M E se os jogadores forem super-herois
8%
Nenhum quiz correspondente encontrado
Distribuição das Pontuações
Porcentagem de Pessoas com Cada Pontuação
Percentil de Números Respondidos
Sua Pontuação Histórica
Você não jogou esse quiz